书目信息 |
| 题名: |
交互式计算机图形学
|
|
| 作者: | 安杰尔 著 | |
| 分册: | ||
| 出版信息: | 北京 高等教育出版社 2003.10 |
|
| 页数: | 719页 | |
| 开本: | 25cm | |
| 丛书名: | ||
| 单 册: | ||
| 中图分类: | TP391.41 | |
| 科图分类: | ||
| 主题词: | 计算机应用 | |
| 电子资源: | ||
| ISBN: | 7-04-013724-0 | |
| 000 | 00771nam0 2200229 450 | |
| 001 | 0536381290 | |
| 005 | 20050330100928.45 | |
| 010 | @a7-04-013724-0@dCNY 54.00 | |
| 100 | @a20050330d2003 km y0chiy0120 ea | |
| 101 | 0 | @achi |
| 102 | @aCN@b110000 | |
| 200 | 1 | @a交互式计算机图形学@Ajiao hu shi ji suan ji tu xing xue@e自顶向下方法与OPENGL应用@f(美)安杰尔著@F(mei)an jie er zhu |
| 205 | @a影印本 | |
| 210 | @a北京@c高等教育出版社@d2003.10 | |
| 215 | @a719页@d25cm | |
| 300 | @a教育部高等教育司推荐 外优秀信息科学与技术系列教学用书 | |
| 517 | 1 | @a自顶向下方法与OPENGL应用@Azi ding xiang xia fang fa yu OPENGL ying yong |
| 606 | 0 | @a计算机应用 |
| 690 | @aTP391.41@v3 | |
| 701 | 0 | @a安杰尔@Aan jie er@4著 |
| 801 | 0 | @aCN@bPFT@c20050330 |
| 905 | @a10447@dTP391.41@eA660 | |
| 交互式计算机图形学:自顶向下方法与OPENGL应用/(美)安杰尔著.-影印本.-北京:高等教育出版社,2003.10 |
| 719页;25cm |
| 教育部高等教育司推荐 外优秀信息科学与技术系列教学用书 |
| ISBN 7-04-013724-0:CNY 54.00 |
| ● |
| 相关链接 |
|
|
|
正题名:交互式计算机图形学
索取号:TP391.41/A660
 
预约/预借
| 序号 | 登录号 | 条形码 | 馆藏地/架位号 | 状态 | 备注 |
| 1 | 439950 | 204399506 | 自科库301/301自科库 65排5列4层/ [索取号:TP391.41/A660] | 在馆 | |
| 2 | 439951 | 204399515 | 自科二线404/404自科库 15排4列4层/ [索取号:TP391.41/A660] | 在馆 | |
| 3 | 439952 | 204399524 | 自科库301/301自科库 65排5列4层/ [索取号:TP391.41/A660] | 在馆 |